000 00325nam a22001457a 4500
008 210607b ||||| |||| 00| 0 eng d
020 _a0201057883
041 _aeng
080 _a159.9
082 _a159.9
100 _a48
101 _aPSI
245 _aIntroductory Psychology
_cJonathan L. Freedman
942 _2udc
_cBK
999 _c58048
_d58048